Ethnomedicine in the urban environment: dominican healers in New York City (Record no. 56015)

000 -LEADER
fixed length control field 01952pab a2200193 454500
008 - FIXED-LENGTH DATA ELEMENTS--GENERAL INFORMATION
fixed length control field 180718b2003 xxu||||| |||| 00| 0 eng d
100 ## - MAIN ENTRY--PERSONAL NAME
Personal name Reiff, Marian et al
245 ## - TITLE STATEMENT
Title Ethnomedicine in the urban environment: dominican healers in New York City
260 ## - PUBLICATION, DISTRIBUTION, ETC.
Date of publication, distribution, etc. 2003
300 ## - PHYSICAL DESCRIPTION
Extent p.12-26.
362 ## - DATES OF PUBLICATION AND/OR SEQUENTIAL DESIGNATION
Dates of publication and/or sequential designation Spring
520 ## - SUMMARY, ETC.
Summary, etc. New York City has a large Dominican community that utilizes a variety of traditional healing resources, yet relatively little is known about their ethnomedical concepts and practices. This paper focuses on six Dominican traditional healers who participated in a cross-cultural study on therapies for women's health problems in New York City. Healers were located through community networks and botanical shops and were interviewed about their backgrounds, healing traditions, and therapeutic techniques. Women patients with prior medical diagnoses were taken to the healers for consultations, and healers were interviewed regarding their diagnostic process and treatment recommendations. The paper describes the healers' perspectives on their healing traditions, practices, and treatment approaches. In general, healing traditions are transmitted primarily through older female kin, and healers use a multidimensional, holistic approach to health care. In addition to these similarities, the healers also demonstrate variation in training, diagnostic techniques, and treatment approaches - a feature common to oral healing traditions. We discuss the potential contribution of traditional healers to health care in urban settings and the importance of improving understanding by mainstream medical practitioners of the ethnomedical traditions of their patients from immigrant and minority communities. - Reproduced.
650 ## - SUBJECT ADDED ENTRY--TOPICAL TERM
Topical term or geographic name entry element Medical sciences - United States
650 ## - SUBJECT ADDED ENTRY--TOPICAL TERM
Topical term or geographic name entry element Health services - United States
650 ## - SUBJECT ADDED ENTRY--TOPICAL TERM
Topical term or geographic name entry element Healing - United States
650 ## - SUBJECT ADDED ENTRY--TOPICAL TERM
Topical term or geographic name entry element Healing
773 ## - HOST ITEM ENTRY
Main entry heading Human Organization
909 ## -
-- 56015
Holdings
Withdrawn status Lost status Damaged status Not for loan Permanent Location Current Location Date acquired Serial Enumeration / chronology Barcode Date last seen Price effective from Koha item type
        Indian Institute of Public Administration Indian Institute of Public Administration 2018-07-19 Volume no: 62, Issue no: 1 AR56460 2018-07-19 2018-07-19 Articles

Powered by Koha